<?xml version="1.0" encoding="UTF-8"?>
<collection xmlns="http://www.loc.gov/MARC21/slim">
<record>
  <controlfield tag="001">108586</controlfield>
  <controlfield tag="005">20220908120610.0</controlfield>
  <datafield tag="024" ind1="7" ind2=" ">
    <subfield code="2">doi</subfield>
    <subfield code="a">10.3390/QUAT4020016</subfield>
  </datafield>
  <datafield tag="024" ind1="8" ind2=" ">
    <subfield code="2">sideral</subfield>
    <subfield code="a">125342</subfield>
  </datafield>
  <datafield tag="037" ind1=" " ind2=" ">
    <subfield code="a">ART-2021-125342</subfield>
  </datafield>
  <datafield tag="041" ind1=" " ind2=" ">
    <subfield code="a">eng</subfield>
  </datafield>
  <datafield tag="100" ind1=" " ind2=" ">
    <subfield code="a">Rofes J.</subfield>
  </datafield>
  <datafield tag="245" ind1=" " ind2=" ">
    <subfield code="a">Human activities, biostratigraphy and past environment revealed by small-mammal associations at the chalcolithic levels of el portalón de cueva mayor (Atapuerca, spain)</subfield>
  </datafield>
  <datafield tag="260" ind1=" " ind2=" ">
    <subfield code="c">2021</subfield>
  </datafield>
  <datafield tag="506" ind1="0" ind2=" ">
    <subfield code="a">Access copy available to the general public</subfield>
    <subfield code="f">Unrestricted</subfield>
  </datafield>
  <datafield tag="520" ind1="3" ind2=" ">
    <subfield code="a">The Chalcolithic levels of El Portalón de Cueva Mayor (Atapuerca, Burgos, Spain) offer a good opportunity to test whether the small-mammal contents of different archaeo-stratigraphical units may be useful to characterize them as independent entities. With that purpose, we studied representative samples of small-mammal remains from the two main contexts identified: the Early Chalcolithic (EC) funerary context and the Late Chalcolithic (LC) habitat/stabling context, with the latter comprising three different archaeological units according to their origin, namely prepared floors, activity floors and stabling surfaces or fumiers. Following the distribution of taxa in their respective contexts, we performed several statistical tests to check for significant discrepancies between archaeological units. The exclusive presence of certain taxa, together with the statistical difference in relative taxonomic ratios, points to the integrity and unpolluted condition of the EC context. The interspersed arrangement of the different LC context’s units made them prone to inter-pollution as they are not statistically different. The unexpected presence of Pliomys lenki and Chionomys nivalis in the prepared floors evidences their Upper Pleistocene allochthonous origin. The EC levels of El Portalón contribute the first Holocene records of nine taxa in the Sierra de Atapuerca. An environment dominated by woodland, shrubland and wet meadows, with moderate presence of grassland, inland wetlands and rocky areas, is inferred from the small-mammal association of the EC levels. © 2021 by the authors. Licensee MDPI, Basel, Switzerland.</subfield>
  </datafield>
  <datafield tag="536" ind1=" " ind2=" ">
    <subfield code="9">info:eu-repo/grantAgreement/ES/MICINN-AEI-FEDER/PGC2018-093925-B-C33</subfield>
    <subfield code="9">info:eu-repo/grantAgreement/ES/MINECO/PTA2018-015145-I</subfield>
  </datafield>
  <datafield tag="540" ind1=" " ind2=" ">
    <subfield code="9">info:eu-repo/semantics/openAccess</subfield>
    <subfield code="a">by</subfield>
    <subfield code="u">http://creativecommons.org/licenses/by/3.0/es/</subfield>
  </datafield>
  <datafield tag="592" ind1=" " ind2=" ">
    <subfield code="a">1.007</subfield>
    <subfield code="b">2021</subfield>
  </datafield>
  <datafield tag="593" ind1=" " ind2=" ">
    <subfield code="a">Earth-Surface Processes</subfield>
    <subfield code="c">2021</subfield>
    <subfield code="d">Q1</subfield>
  </datafield>
  <datafield tag="593" ind1=" " ind2=" ">
    <subfield code="a">Earth and Planetary Sciences (miscellaneous)</subfield>
    <subfield code="c">2021</subfield>
    <subfield code="d">Q1</subfield>
  </datafield>
  <datafield tag="594" ind1=" " ind2=" ">
    <subfield code="a">4.3</subfield>
    <subfield code="b">2021</subfield>
  </datafield>
  <datafield tag="655" ind1=" " ind2="4">
    <subfield code="a">info:eu-repo/semantics/article</subfield>
    <subfield code="v">info:eu-repo/semantics/publishedVersion</subfield>
  </datafield>
  <datafield tag="700" ind1=" " ind2=" ">
    <subfield code="a">Ordiales A.</subfield>
  </datafield>
  <datafield tag="700" ind1=" " ind2=" ">
    <subfield code="a">Iriarte E.</subfield>
  </datafield>
  <datafield tag="700" ind1=" " ind2=" ">
    <subfield code="a">Cuenca-Bescós G.</subfield>
    <subfield code="u">Universidad de Zaragoza</subfield>
    <subfield code="0">(orcid)0000-0001-5125-9651</subfield>
  </datafield>
  <datafield tag="700" ind1=" " ind2=" ">
    <subfield code="a">Galindo-Pellicena M.Á.</subfield>
  </datafield>
  <datafield tag="700" ind1=" " ind2=" ">
    <subfield code="a">Pérez-Romero A.</subfield>
  </datafield>
  <datafield tag="700" ind1=" " ind2=" ">
    <subfield code="a">Carretero J.M.</subfield>
  </datafield>
  <datafield tag="700" ind1=" " ind2=" ">
    <subfield code="a">Arsuaga J.L.</subfield>
  </datafield>
  <datafield tag="710" ind1="2" ind2=" ">
    <subfield code="1">2000</subfield>
    <subfield code="2">655</subfield>
    <subfield code="a">Universidad de Zaragoza</subfield>
    <subfield code="b">Dpto. Ciencias de la Tierra</subfield>
    <subfield code="c">Área Paleontología</subfield>
  </datafield>
  <datafield tag="773" ind1=" " ind2=" ">
    <subfield code="g">4, 2 (2021), [16 pp]</subfield>
    <subfield code="p">Quaternary (Basel)</subfield>
    <subfield code="t">Quaternary</subfield>
    <subfield code="x">2571-550X</subfield>
  </datafield>
  <datafield tag="856" ind1="4" ind2=" ">
    <subfield code="s">401440</subfield>
    <subfield code="u">http://zaguan.unizar.es/record/108586/files/texto_completo.pdf</subfield>
    <subfield code="y">Versión publicada</subfield>
  </datafield>
  <datafield tag="856" ind1="4" ind2=" ">
    <subfield code="s">2714316</subfield>
    <subfield code="u">http://zaguan.unizar.es/record/108586/files/texto_completo.jpg?subformat=icon</subfield>
    <subfield code="x">icon</subfield>
    <subfield code="y">Versión publicada</subfield>
  </datafield>
  <datafield tag="909" ind1="C" ind2="O">
    <subfield code="o">oai:zaguan.unizar.es:108586</subfield>
    <subfield code="p">articulos</subfield>
    <subfield code="p">driver</subfield>
  </datafield>
  <datafield tag="951" ind1=" " ind2=" ">
    <subfield code="a">2022-09-08-11:58:40</subfield>
  </datafield>
  <datafield tag="980" ind1=" " ind2=" ">
    <subfield code="a">ARTICLE</subfield>
  </datafield>
</record>
</collection>